|
|
|
|
| LEADER |
02535nam a2200661 4500 |
| 001 |
ocn882570409 |
| 003 |
OCoLC |
| 005 |
20170124072208.2 |
| 006 |
m o d |
| 007 |
cr cnu|||unuuu |
| 008 |
140703s2007 enk o 001 0 eng d |
| 040 |
|
|
|a DG1
|b eng
|e rda
|e pn
|c DG1
|d YDXCP
|d OCLCF
|d DEBBG
|d GrThAP
|
| 019 |
|
|
|a 774110548
|a 893707342
|a 902354650
|
| 020 |
|
|
|a 9783527631728 (electronic bk.)
|
| 020 |
|
|
|a 3527631720 (electronic bk.)
|
| 020 |
|
|
|a 3527631690 (electronic bk.)
|
| 020 |
|
|
|a 9783527631698 (electronic bk.)
|
| 020 |
|
|
|z 9783527315567 (v. 1)
|
| 020 |
|
|
|z 352731556X (v. 1)
|
| 020 |
|
|
|z 3527315578 (v. 2)
|
| 020 |
|
|
|z 9783527315574 (v. 2)
|
| 020 |
|
|
|z 9783527315581 (v. 3)
|
| 020 |
|
|
|z 3527315586 (v. 3)
|
| 020 |
|
|
|z 9783527315598 (v. 4)
|
| 020 |
|
|
|z 3527315594 (v. 4)
|
| 020 |
|
|
|z 9783527315604 (v. 5)
|
| 020 |
|
|
|z 3527315608 (v. 5)
|
| 020 |
|
|
|z 9783527315543 (v. 1-5)
|
| 020 |
|
|
|z 3527315543 (v. 1-5)
|
| 024 |
7 |
|
|a 10.1002/9783527631728
|2 doi
|
| 029 |
1 |
|
|a NZ1
|b 15592151
|
| 029 |
1 |
|
|a NZ1
|b 15920475
|
| 029 |
1 |
|
|a GBVCP
|b 817076638
|
| 029 |
1 |
|
|a DEBBG
|b BV043396951
|
| 035 |
|
|
|a (OCoLC)882570409
|z (OCoLC)774110548
|z (OCoLC)893707342
|z (OCoLC)902354650
|
| 050 |
|
4 |
|a TP363
|
| 070 |
0 |
|
|a TP363
|b .M594 2007
|
| 082 |
0 |
4 |
|a 660.28426
|2 22
|
| 049 |
|
|
|a MAIN
|
| 245 |
0 |
0 |
|a Modern drying technology /
|c edited by Evangelos Tsotsas and Arun S. Mujumdar.
|
| 264 |
|
1 |
|a Weinheim :
|b Wiley-VCH,
|c 2007-
|
| 300 |
|
|
|a 1 online resource.
|
| 336 |
|
|
|a text
|b txt
|2 rdacontent
|
| 337 |
|
|
|a computer
|b c
|2 rdamedia
|
| 338 |
|
|
|a online resource
|b cr
|2 rdacarrier
|
| 500 |
|
|
|a Includes indexes.
|
| 588 |
|
|
|a Description based on print version record.
|
| 504 |
|
|
|a Includes bibliographical references and index.
|
| 505 |
0 |
|
|a V. 1. Computational tools at different scales -- v. 2. Experimental techniques -- v. 3. Product quality and formulation -- v. 4. energy savings -- v. 5. Process intensification.
|
| 520 |
|
|
|a This five-volume handbook provides a comprehensive overview of all important aspects of modern drying technology, including only advanced results.
|
| 650 |
|
0 |
|a Drying.
|
| 650 |
|
7 |
|a Drying.
|2 fast
|0 (OCoLC)fst00899170
|
| 655 |
|
4 |
|a Electronic books.
|
| 700 |
1 |
|
|a Tsotsas, Evangelos,
|e editor.
|
| 700 |
1 |
|
|a Mujumdar, Arun S.,
|e editor.
|
| 776 |
0 |
8 |
|i Print version:
|t Modern drying technology.
|d Weinheim : Wiley-VCH, c2011-
|z 9783527315567
|w (OCoLC)776562388
|
| 856 |
4 |
0 |
|u https://doi.org/10.1002/9783527631728
|z Full Text via HEAL-Link
|
| 994 |
|
|
|a 92
|b DG1
|